书目信息 |
| 题名: |
政府审计
|
|
| 作者: | 刘三昌 主编 | |
| 分册: | ||
| 出版信息: | 大连 东北财经大学出版社 2020.3 |
|
| 页数: | 316页 | |
| 开本: | 24cm | |
| 丛书名: | 21世纪高等教育审计精品教材 | |
| 单 册: | ||
| 中图分类: | F239.44-43 | |
| 科图分类: | ||
| 主题词: | 政府审计--zheng fu shen ji--高等学校--教材 | |
| 电子资源: | ||
| ISBN: | 978-7-5654-3788-5 | |
| 000 | 01309oam2 2200313 450 | |
| 001 | 2161468166 | |
| 005 | 20211003084250.33 | |
| 010 | @a978-7-5654-3788-5@dCNY42.00 | |
| 100 | @a20200331d2020 em y0chiy0120 ea | |
| 101 | 0 | @achi |
| 102 | @aCN@b210000 | |
| 105 | @ak a 000yy | |
| 106 | @ar | |
| 200 | 1 | @a政府审计@Azheng fu shen ji@dGovernment auditing@f刘三昌主编@zeng |
| 205 | @a3版 | |
| 210 | @a大连@c东北财经大学出版社@d2020.3 | |
| 215 | @a316页@c表格@d24cm | |
| 225 | 2 | @a21世纪高等教育审计精品教材@A21shi ji gao deng jiao yu shen ji jing pin jiao cai |
| 300 | @a国家级一流本科专业建设点 | |
| 320 | @a有书目 (第315-316页) | |
| 330 | @a本书依据最新颁布的审计与会计的法规、制度与准则编写,从编写宗旨、体例安排到内容设计,均从审计学专业本科生应知应会的政府审计知识出发,侧重对政府审计实务的全面详细反映,力求满足审计学专业、注册会计师专门化方向、会计学专业和其他相关专业学生对政府审计理论和实务的知识需求,以及广大审计从业人员学习和工作的需要。 | |
| 333 | @a高校会计专业师生,审计从业人员 | |
| 461 | 0 | @12001 @a21世纪高等教育审计精品教材 |
| 510 | 1 | @aGovernment auditing@zeng |
| 606 | 0 | @a政府审计@Azheng fu shen ji@x高等学校@j教材 |
| 690 | @aF239.44-43@v5 | |
| 701 | 0 | @a刘三昌@Aliu san chang@4主编 |
| 801 | 0 | @aCN@b百万庄@c20210929 |
| 905 | @b1302950-53@dF239.44-43@e672=3@f4 | |
| 政府审计=Government auditing/刘三昌主编.-3版.-大连:东北财经大学出版社,2020.3 |
| 316页:表格;24cm.-(21世纪高等教育审计精品教材) |
| 国家级一流本科专业建设点.-使用对象:高校会计专业师生,审计从业人员 |
| ISBN 978-7-5654-3788-5:CNY42.00 |
| 本书依据最新颁布的审计与会计的法规、制度与准则编写,从编写宗旨、体例安排到内容设计,均从审计学专业本科生应知应会的政府审计知识出发,侧重对政府审计实务的全面详细反映,力求满足审计学专业、注册会计师专门化方向、会计学专业和其他相关专业学生对政府审计理论和实务的知识需求,以及广大审计从业人员学习和工作的需要。 |
| ● |
| 相关链接 |
|
|
|
|
正题名:政府审计
索取号:F239.44-43/672=3
 
预约/预借
| 序号 | 登录号 | 条形码 | 馆藏地/架位号 | 状态 | 备注 |
| 1 | 1302950 | 213029505 | 第一样本阅览室/ [索取号:F239.44-43/672=3] | 在馆 | |
| 2 | 1302951 | 213029514 | 第一借阅区/ [索取号:F239.44-43/672=3] | 在馆 | |
| 3 | 1302952 | 213029523 | 第一借阅区/ [索取号:F239.44-43/672=3] | 在馆 | |
| 4 | 1302953 | 213029532 | 第一借阅区/ [索取号:F239.44-43/672=3] | 在馆 |